Bazilej II - Zlepšenie spôsobov riadenia rizika a zvýšenie stability bánk

Bázická metóda - Foundation IRB approach (FIRB), jej charakteristika. Pokročilá metóda - Advanced IRB approach (AIRB). II. pilier - aktivity bankového dohľadu. III. pilier trhová disciplína.

Enregistré dans:
Détails bibliographiques
Auteur principal: Jánošová, Veronika, 1953-
Autres auteurs: Harumová, Anna, 1955-
Format: Chapitre de livre
Langue:slovaque
Sujets:
Tags: Ajouter un tag
Pas de tags, Soyez le premier à ajouter un tag!

MARC

LEADER 00000naa$a2200000$$$4500
001 0072033
005 20240502071844.1
041 0 |a slo 
044 |a SK 
245 1 0 |a Bazilej II - Zlepšenie spôsobov riadenia rizika a zvýšenie stability bánk  |c Veronika Jánošová, Anna Harumová 
520 |a Bázická metóda - Foundation IRB approach (FIRB), jej charakteristika. Pokročilá metóda - Advanced IRB approach (AIRB). II. pilier - aktivity bankového dohľadu. III. pilier trhová disciplína. 
610 2 0 |a riadenie rizík 
610 2 0 |a banky 
610 2 0 |a regulácia 
610 2 0 |a stabilita bánk 
610 2 0 |a disciplína trhová 
100 1 |a Jánošová, Veronika, 1953- 
700 1 |a Harumová, Anna, 1955-